| 000 | 00612nam a2200217Ia 4500 | ||
|---|---|---|---|
| 005 | 20240408151439.0 | ||
| 008 | 131103s9999 xx 000 0 und d | ||
| 020 | _a8125912932 | ||
| 040 | _aLoreto College | ||
| 041 | _aEnglish | ||
| 082 |
_a370.1 _bAGG |
||
| 100 | _aAggarwal, J.C. | ||
| 245 |
_aTheory and Principles of Education _b _cJ.C.Aggarwal |
||
| 250 |
_a12th ed. _bPhilosophical and sociological bases of education |
||
| 260 |
_aNew Delhi _bVikas pub. _c2003 |
||
| 300 | _aix,, 461p. | ||
| 650 | _aEducation | ||
| 651 | _aEducation -Theory and principles | ||
| 850 | _aLCBED | ||
| 942 | _cBK | ||
| 999 |
_c26227 _d76706 |
||